00468 2200181 4500001002100000008004100021035002000062245003900082100001500121260003300136300001400169082001100183650004000194990001300234990001300247990001300260990001300273INLIS000000000001901 ind  a0010-0423001901 aSEJARAH LENGKAP PAHLAWAN INDONESIA aIKRANEGARA aSURABAYAbCV DUA MEDIAc2010 ahlm.ccm. a920598 aBIOGRAFI - INDONESIAM (ORANG-ORANG) a100339-2 a100339-1 a100339-2 a100339-1